[Event "Politiken Cup 37th"]
[Site "Helsingor"]
[Date "2015.07.26"]
[Round "2"]
[White "Maagaard, David Bille"]
[Black "Videbaek, Kurt"]
[Result "1-0"]
[WhiteElo "1859"]
[BlackElo "1563"]
[PlyCount "69"]
[EventDate "2015.07.25"]
[EventType "swiss"]
[EventRounds "10"]
[EventCountry "DEN"]
[SourceTitle "CBM 167 Extra"]
[Source "ChessBase"]
[SourceDate "2015.09.14"]
[SourceVersion "1"]
[SourceVersionDate "2015.09.14"]
[SourceQuality "1"]

1. d4 d5 2. c4 c6 3. Nc3 Nf6 4. Nf3 e6 5. e3 Nbd7 6. Bd3 a6 7. b3 c5 8. 0-0 cxd4 9. exd4 Be7 10. Re1 Nb6 11. c5 Nbd7 12. Bd2 Nb8 13. Na4 Bd7 14. Nb6 Nc6 15. Nxa8 Qxa8 16. b4 0-0 17. a4 b6 18. b5 Na5 19. Ne5 Nc4 20. c6 Bc8 21. Nxc4 dxc4 22. Bxc4 a5 23. Qf3 Qb8 24. Rad1 Bd6 25. h3 Re8 26. Bg5 Be7 27. Bf4 Bd6 28. Be5 Bxe5 29. dxe5 Nd5 30. Bxd5 exd5 31. Qxd5 Be6 32. Qd6 Qc8 33. c7 h6 34. Qxb6 Re7 35. Rd8+ 1-0

[Event "Politiken Cup 35th"]
[Site "Helsingor"]
[Date "2013.08.02"]
[Round "8"]
[White "Lofgren, Claes"]
[Black "Maagaard, David Bille"]
[Result "1-0"]
[WhiteElo "2127"]
[BlackElo "1821"]
[PlyCount "56"]
[EventDate "2013.07.27"]
[EventType "swiss"]
[EventRounds "10"]
[EventCountry "DEN"]
[SourceTitle "CBM 155 Extra"]
[Source "ChessBase"]
[SourceDate "2013.08.26"]
[SourceVersion "1"]
[SourceVersionDate "2013.08.26"]
[SourceQuality "1"]

1. Nf3 c5 2. c4 Nf6 3. g3 Nc6 4. Bg2 e5 5. 0-0 Be7 6. Nc3 d6 7. d3 0-0 8. a3 Rb8 9. Rb1 h6 10. b4 Bf5 11. Nd2 Qd7 12. Nd5 Bh3 13. b5 Bxg2 14. bxc6 Qh3 15. Nxe7+ Kh8 16. f3 Bxf1 17. Qxf1 Qxf1+ 18. Kxf1 bxc6 19. Rxb8 Rxb8 20. Nxc6 Rb7 21. Ke1 Ne8 22. Kd1 f5 23. Kc2 Kg8 24. Nb1 g5 25. Nc3 Rb6 26. Nd5 Rb7 27. Nce7+ Kf7 28. Nxf5 Ke6 1-0

[Event "Politiken Cup 35th"]
[Site "Helsingor"]
[Date "2013.07.28"]
[Round "3"]
[White "Maagaard, David Bille"]
[Black "Sajjadi, Kimiya"]
[Result "1-0"]
[WhiteElo "1821"]
[BlackElo "1485"]
[PlyCount "65"]
[EventDate "2013.07.27"]
[EventType "swiss"]
[EventRounds "10"]
[EventCountry "DEN"]
[SourceTitle "CBM 155 Extra"]
[Source "ChessBase"]
[SourceDate "2013.08.26"]
[SourceVersion "1"]
[SourceVersionDate "2013.08.26"]
[SourceQuality "1"]

1. d4 Nf6 2. c4 e6 3. Nf3 b6 4. Nc3 Bb4 5. Bd2 d5 6. e3 Bb7 7. Rc1 Nbd7 8. a3 Be7 9. b4 dxc4 10. Bxc4 Nd5 11. 0-0 N7f6 12. Bb5+ c6 13. Nxd5 Qxd5 14. Bc4 Qh5 15. Ne5 Qxd1 16. Rfxd1 Bd6 17. Bb3 Bxe5 18. dxe5 Nd7 19. Bc3 c5 20. Ba4 Rd8 21. bxc5 bxc5 22. Ba5 Ke7 23. Bxd8+ Rxd8 24. Rxd7+ Rxd7 25. Bxd7 Kxd7 26. Rxc5 a6 27. f3 Bc6 28. Kf2 h5 29. Kg3 g5 30. h4 g4 31. fxg4 hxg4 32. Rxc6 Kxc6 33. h5 1-0

[Event "Politiken Cup 34th"]
[Site "Helsingor"]
[Date "2012.08.05"]
[Round "10"]
[White "Skjolas, Erling Dyrhaug"]
[Black "Maagaard, David Bille"]
[Result "0-1"]
[WhiteElo "1581"]
[BlackElo "1843"]
[PlyCount "108"]
[EventDate "2012.07.28"]
[EventType "swiss"]
[EventRounds "10"]
[EventCountry "DEN"]
[SourceTitle "CBM 149 Extra"]
[Source "ChessBase"]
[SourceDate "2012.08.24"]
[SourceVersion "1"]
[SourceVersionDate "2012.08.24"]
[SourceQuality "1"]

1. e4 e5 2. Nf3 Nf6 3. Nxe5 d6 4. Nf3 Nxe4 5. Be2 Be7 6. 0-0 0-0 7. Nc3 d5 8. Re1 Nc6 9. Bb5 f5 10. d3 Nxc3 11. bxc3 Bf6 12. d4 Ne7 13. Ng5 c6 14. Bd3 g6 15. Qe2 Qd6 16. a4 b6 17. a5 Bd7 18. Ba3 c5 19. Nf3 Nc6 20. Ne5 Rfe8 21. f4 Nxa5 22. Qf2 Nb7 23. dxc5 Nxc5 24. Bxc5 bxc5 25. Ra6 Qe7 26. Rxf6 Qxf6 27. Nxd7 Qxc3 28. Rxe8+ Rxe8 29. h3 c4 30. Bf1 a5 31. Qc5 Qe3+ 32. Qxe3 Rxe3 33. Nf6+ Kf7 34. Nxd5 Re4 35. g3 Ke6 36. Nc3 Rd4 37. Be2 Kd6 38. Nb5+ Kc5 39. Nxd4 Kxd4 40. c3+ Kxc3 41. Bd1 Kd2 42. Ba4 c3 43. g4 c2 44. Bxc2 Kxc2 45. gxf5 gxf5 46. Kg2 a4 47. Kg3 a3 48. Kh4 Kd3 49. Kg5 Ke4 50. h4 a2 51. h5 a1Q 52. h6 Qc3 53. Kh5 Kxf4 54. Kh4 Qg3+ 0-1

[Event "Politiken Cup 34th"]
[Site "Helsingor"]
[Date "2012.07.31"]
[Round "5"]
[White "Maagaard, David Bille"]
[Black "Sorensen, Dick"]
[Result "0-1"]
[WhiteElo "1843"]
[BlackElo "2023"]
[PlyCount "70"]
[EventDate "2012.07.28"]
[EventType "swiss"]
[EventRounds "10"]
[EventCountry "DEN"]
[SourceTitle "CBM 149 Extra"]
[Source "ChessBase"]
[SourceDate "2012.08.24"]
[SourceVersion "1"]
[SourceVersionDate "2012.08.24"]
[SourceQuality "1"]

1. d4 f5 2. b3 Nf6 3. Bb2 e6 4. e3 d5 5. Be2 Bd6 6. Bf3 0-0 7. Nd2 Ne4 8. a3 c6 9. Ne2 Nd7 10. 0-0 Ndf6 11. c4 Bd7 12. Nf4 Qe7 13. Nd3 Rae8 14. Ne5 Bc8 15. Bxe4 Nxe4 16. f4 Bxe5 17. dxe5 Rd8 18. Nxe4 dxe4 19. Qe2 Rd3 20. b4 Rfd8 21. Rfd1 b6 22. Rxd3 Rxd3 23. Rd1 Qd7 24. Rxd3 exd3 25. Qd2 c5 26. Bc3 Bb7 27. b5 Ba8 28. Bb2 Qb7 29. Bc1 Qe4 30. Qa2 h6 31. a4 g5 32. Kf1 g4 33. Kg1 h5 34. Kf1 h4 35. Ke1 h3 0-1

[Event "Politiken Cup 34th"]
[Site "Helsingor"]
[Date "2012.07.28"]
[Round "1"]
[White "Maagaard, David Bille"]
[Black "Schmidt, Kresten"]
[Result "1-0"]
[WhiteElo "1843"]
[BlackElo "2278"]
[PlyCount "169"]
[EventDate "2012.07.28"]
[EventType "swiss"]
[EventRounds "10"]
[EventCountry "DEN"]
[SourceTitle "CBM 149 Extra"]
[Source "ChessBase"]
[SourceDate "2012.08.24"]
[SourceVersion "1"]
[SourceVersionDate "2012.08.24"]
[SourceQuality "1"]

1. d4 Nf6 2. c4 g6 3. Nc3 Bg7 4. e4 d6 5. Bd3 0-0 6. Nge2 e5 7. Bg5 h6 8. Bh4 c6 9. Rc1 Nbd7 10. 0-0 Re8 11. Bb1 Qb6 12. b3 exd4 13. Nxd4 Nc5 14. f3 Nfxe4 15. fxe4 Ne6 16. Bf2 Bxd4 17. Qd2 Kg7 18. Ne2 Bxf2+ 19. Rxf2 Qc5 20. b4 Qe5 21. Rcf1 Nd8 22. Nd4 Qe7 23. Qd3 Rf8 24. Rf6 Qxf6 25. Rxf6 Kxf6 26. Qg3 Ne6 27. Nf3 Rd8 28. e5+ dxe5 29. Qxe5+ Ke7 30. Bc2 a5 31. b5 Rd6 32. Qe3 cxb5 33. Qxh6 bxc4 34. Qh4+ Ke8 35. Qxc4 Bd7 36. Qh4 Rc8 37. Bb3 Rc5 38. Qg3 Ke7 39. h3 a4 40. Bxa4 Bxa4 41. Qh4+ g5 42. Qxa4 b5 43. Qa7+ Rd7 44. Qa3 f6 45. Qb4 Kf7 46. a4 bxa4 47. Qxa4 Rdc7 48. Qg4 Rc4 49. Qf5 R7c5 50. Qd3 Rc7 51. Qf5 R4c5 52. Qh7+ Ng7 53. h4 g4 54. Nd4 g3 55. Kf1 Rd7 56. Nf3 Re7 57. Qb1 Nf5 58. Ne1 Kg7 59. h5 Ne3+ 60. Kg1 Rxh5 61. Qb4 Nf5 62. Nf3 Rd7 63. Qg4+ Kh6 64. Qf4+ Kh7 65. Kf1 Re7 66. Kg1 Ra7 67. Kf1 Ra1+ 68. Ke2 Ra2+ 69. Kd3 Rxg2 70. Qg4 Kh6 71. Qf4+ Kh7 72. Qg4 Ng7 73. Qe4+ f5 74. Ng5+ Rxg5 75. Qxg2 Nh5 76. Ke3 Kg6 77. Qc6+ Nf6 78. Qg2 Ne4 79. Kf3 Rg4 80. Ke3 Kg5 81. Kd3 Rf4 82. Ke3 Rf2 83. Qh3 Rh2 84. Qf1 g2 85. Qf4+ 1-0

[Event "Politiken Cup 33rd"]
[Site "Helsingor"]
[Date "2011.08.07"]
[Round "10"]
[White "Maagaard, David Bille"]
[Black "Andersen, Rune Egede"]
[Result "0-1"]
[WhiteElo "1906"]
[BlackElo "2078"]
[PlyCount "72"]
[EventDate "2011.07.30"]
[EventType "swiss"]
[EventRounds "10"]
[EventCountry "DEN"]
[SourceTitle "CBM 143 Extra"]
[Source "ChessBase"]
[SourceDate "2011.08.29"]
[SourceVersion "1"]
[SourceVersionDate "2011.08.29"]
[SourceQuality "1"]

1. d4 d5 2. c4 dxc4 3. e3 Nf6 4. Bxc4 e6 5. Ne2 a6 6. 0-0 b5 7. Bb3 Bb7 8. Nbc3 c5 9. a3 Nbd7 10. Bc2 Qc7 11. f3 Bd6 12. h3 Nh5 13. Be4 Rd8 14. Bxb7 Qxb7 15. Ne4 Be7 16. Qe1 Qb6 17. Qf2 f5 18. dxc5 Nxc5 19. Nxc5 Qxc5 20. b4 Qc4 21. Nd4 0-0 22. Bb2 Rd6 23. Rfc1 Qd5 24. Rc5 Qa8 25. Rac1 Rfd8 26. Rc6 g6 27. Rc7 Bf6 28. g4 Ng7 29. f4 e5 30. Nf3 Ne6 31. R7c2 Rd1+ 32. Kh2 fxg4 33. hxg4 Qe4 34. g5 Bg7 35. Bxe5 Bxe5 36. Nxe5 Qh1+ 0-1

[Event "Politiken Cup 33rd"]
[Site "Helsingor"]
[Date "2011.08.05"]
[Round "8"]
[White "Maagaard, David Bille"]
[Black "Hansen, Morten Moller"]
[Result "0-1"]
[WhiteElo "1906"]
[BlackElo "2097"]
[PlyCount "102"]
[EventDate "2011.07.30"]
[EventType "swiss"]
[EventRounds "10"]
[EventCountry "DEN"]
[SourceTitle "CBM 143 Extra"]
[Source "ChessBase"]
[SourceDate "2011.08.29"]
[SourceVersion "1"]
[SourceVersionDate "2011.08.29"]
[SourceQuality "1"]

1. d4 d5 2. c4 e6 3. Nc3 f5 4. Nf3 Nf6 5. e3 c6 6. cxd5 exd5 7. Bd3 Be6 8. Ng5 Qc8 9. Qc2 Ne4 10. Nxe6 Qxe6 11. 0-0 g6 12. f3 Nxc3 13. bxc3 Bg7 14. Rb1 b5 15. e4 fxe4 16. fxe4 dxe4 17. Bxe4 a6 18. Ba3 Nd7 19. Rbe1 0-0-0 20. Bf5 Qc4 21. Bd3 Qd5 22. Re7 Bf8 23. Be4 Qc4 24. Bd3 Qd5 25. Be4 Qg5 26. Re6 Qe3+ 27. Kh1 Bxa3 28. Rxc6+ Kb7 29. c4 Rhe8 30. cxb5 Qxe4 31. bxa6+ Ka8 32. Qc4 Ne5 33. dxe5 Qxc4 34. Rxc4 Rxe5 35. g3 Re7 36. Rb1 Rb8 37. Rd1 Ka7 38. Rd2 Rb1+ 39. Kg2 Rb2 40. Rxb2 Bxb2 41. Rb4 Bf6 42. Kf3 Kxa6 43. h3 Ka5 44. Rc4 Kb5 45. Rc2 Bd4 46. g4 Re3+ 47. Kg2 Be5 48. Rd2 Kc6 49. Rc2+ Kd6 50. a4 Rg3+ 51. Kf1 Rxh3 0-1

[Event "Politiken Cup 33rd"]
[Site "Helsingor"]
[Date "2011.07.30"]
[Round "1"]
[White "Andersen, Mads"]
[Black "Maagaard, David Bille"]
[Result "1-0"]
[WhiteElo "2422"]
[BlackElo "1906"]
[PlyCount "99"]
[EventDate "2011.07.30"]
[EventType "swiss"]
[EventRounds "10"]
[EventCountry "DEN"]
[SourceTitle "CBM 143 Extra"]
[Source "ChessBase"]
[SourceDate "2011.08.29"]
[SourceVersion "1"]
[SourceVersionDate "2011.08.29"]
[SourceQuality "1"]

1. e4 Nc6 2. Nf3 e5 3. Bb5 d6 4. d4 exd4 5. Nxd4 Nge7 6. Bg5 Bd7 7. Nc3 h6 8. Be3 Ne5 9. Be2 Qc8 10. h3 N7c6 11. Nb3 Be6 12. Nd5 Be7 13. 0-0 f5 14. f4 Nf7 15. exf5 Bxf5 16. Nd4 Bd8 17. Nxf5 Qxf5 18. Bg4 Qe4 19. Qd2 0-0 20. Rae1 Qa4 21. b3 Qa5 22. c3 Ne7 23. Nxe7+ Bxe7 24. b4 Qa4 25. Bd1 Qd7 26. Qd3 Bf6 27. Bc2 Rfe8 28. c4 Re7 29. Bf2 a6 30. Rxe7 Qxe7 31. Re1 Qd7 32. Qe4 c6 33. Bb6 Kf8 34. Qd3 Re8 35. Rxe8+ Qxe8 36. Bf2 Qe7 37. g3 Qe6 38. Kg2 Ke7 39. Bb3 Nd8 40. a4 c5 41. bxc5 dxc5 42. Bxc5+ Ke8 43. Bf2 Qc6+ 44. Kh2 Ne6 45. Bd1 Qd7 46. Bh5+ Kd8 47. Bb6+ Ke7 48. Qe2 Qc6 49. a5 Kf8 50. Bf3 1-0